00766nam a2200205 a 4500001000400000003000500004005001700009008004100026020001500067040002600082100002200108245016700130260009100297300001100388490002700399650001900426650004300445650002400488710004800512127CDMR20131129100354.0130130s1990||||||||||||||||||||||||||||d a8439313799 aCDMRbcatcCPC GIRONA1 aMateo, Rosario de14aEls ajuts de l'estat a la premsa a l'Europa Occidentalb: anàlisi comparada de les polítiques de 17 païsoscRosario de Mateo ; pròleg Pedro Crespo de Lara c1990bGeneralitat de Catalunya. Centre d'Investigació de la ComunicacióaBarcelona a199 p.0 aEstudis i recerquesv404aPremsazEuropa04aEuropaxPolítica de la comunicació04aPremsaxSubvencions2 aCentre d'Investigació de la Comunicació